[Event "Almaty Open 2019"]
[Site "Almaty"]
[Date "2019.10.08"]
[Round "2.1"]
[White "Tologontegin, Semetey"]
[Black "Fier, Alexandr"]
[Result "0-1"]
[WhiteElo "2384"]
[BlackElo "2541"]
[Annotator "TA"]
[PlyCount "66"]
[EventDate "2019.10.07"]
[EventType "swiss"]
[EventCountry "KAZ"]
[SourceTitle "playchess.com"]
[Source "ChessBase"]
[SourceQuality "1"]

{[%evp 18,88,16,9,22,0,0,-15,3,-16,-16,-18,-24,-27,-19,-21,-11,-8,1,0,22,4,5,12,14,20,39,-48,0,0,0,-40,-29,-26,-10,-62,-39,-47,-39,-337,-337,-429,-414,-450,-447,-405,-419,-449,-436,-449,-414,-413,-412,-402,-417,-384,-391,-693,-683,-687,-666,-694,-691,-835,-825,-783,-768,-1614,-940,-1204,-1125,-29990,-2637]} 1. d4 Nf6 2. Nc3 d5 3. Bf4 g6 4. e3 Bg7 5. Nb5 Na6 6. h3 c6 7. Nc3 Nb8 8. Nf3 O-O 9. Be2 Nbd7 10. O-O b6 {D00: 1 d4 d5: Unusual lines} (10... Re8 11. Bh2 a5 12. Ne5 Nxe5 13. Bxe5 Ne4 14. Nxe4 Bxe5 15. dxe5 dxe4 16. Qd4 Qxd4 17. exd4 Rd8 18. Rad1 {0-1 (50) Melkumyan,H (2670)-Amin,B (2710) St Petersburg 2018}) 11. Ne5 Bb7 12. Bf3 c5 {The position is equal.} 13. Qd3 $146 ({Predecessor:} 13. Nxd7 Qxd7 14. Be5 Rfd8 15. Qe2 e6 16. Rfd1 Qe7 17. a4 a6 18. a5 {0-1 (43) Kvan,A (2091)-Grigoryan,A (2581) Pavlodar 2012}) 13... e6 14. a4 a6 15. Rfd1 Rc8 16. Rac1 Qe7 17. Ne2 cxd4 18. exd4 Rfd8 19. Qb3 Nxe5 20. Bxe5 Rc6 21. Nf4 Bh6 {Threatening ...Nd7.} 22. Ra1 (22. Qe3 $1 $14) 22... Rdc8 23. c3 Ne4 24. Bxe4 dxe4 25. Ne2 a5 26. Bf4 (26. Qb5 $11) 26... Bxf4 $15 27. Nxf4 Qg5 $36 {[%mdl 2048] White is under pressure.} 28. Ne2 $2 {[%mdl 8192]} (28. g3 $15) 28... e3 $19 29. f3 {[#]} Rxc3 $1 {[%mdl 512]} 30. bxc3 {aiming for Qb5.} Bxf3 $1 {[%csl Gf3][%cal Rg5g2][%mdl 64] Double Attack} 31. Nf4 {Strongly threatening Rf1.} Bxd1 ({Weaker is} 31... Qxf4 32. Rf1 $17) 32. Rxd1 {Threatens to win with Rf1.} Qxf4 {[%mdl 4096] Endgame KQR-KQR} 33. Qc2 Rc4 {Played: Qf4-g3} 0-1

[Event "Almaty Open 2019"]
[Site "Almaty"]
[Date "2019.10.08"]
[Round "2.2"]
[White "Barsov, Alexei"]
[Black "Utegaliyev, Azamat"]
[Result "1/2-1/2"]
[WhiteElo "2365"]
[BlackElo "2503"]
[Annotator "TA"]
[PlyCount "33"]
[EventDate "2019.10.07"]
[EventType "swiss"]
[EventCountry "KAZ"]
[SourceTitle "playchess.com"]
[Source "ChessBase"]
[SourceQuality "1"]

{[%evp 16,21,29,17,28,20,18,10]} 1. d4 Nf6 2. Nf3 g6 3. c4 Bg7 4. g3 d6 5. Bg2 O-O 6. O-O c6 7. Nc3 Bf5 8. Nh4 Be6 9. b3 d5 {E62: King's Indian: Fianchetto: 6...c6 and Panno Variation (6...Nc6) without ...a6} 10. cxd5 cxd5 11. Bb2 (11. Nf3 Nc6 12. Bb2 Bf5 13. Rc1 Ne4 14. e3 Nxc3 15. Bxc3 Be4 16. Qe2 Rc8 17. Bh3 Bxf3 18. Qxf3 {½-½ (54) Cheparinov,I (2710)-Rakhmanov,A (2653) Riadh 2017}) {Predecessor:} 11... Nc6 $146 12. e3 Bg4 13. Bf3 Bh3 14. Bg2 Qd7 15. Rc1 Rac8 16. Qe2 Bxg2 17. Nxg2 {0-1 (65) Nguyen,T (2529)-Timman,J (2549) Prague 2019} 1/2-1/2

[Event "Almaty Open 2019"]
[Site "Almaty"]
[Date "2019.10.08"]
[Round "2.3"]
[White "Mezentsev, Ivan"]
[Black "Hamitevici, Vladimir"]
[Result "1/2-1/2"]
[WhiteElo "2351"]
[BlackElo "2472"]
[Annotator "TA"]
[PlyCount "47"]
[EventDate "2019.10.07"]
[EventType "swiss"]
[EventCountry "KAZ"]
[SourceTitle "playchess.com"]
[Source "ChessBase"]
[SourceQuality "1"]

{[%evp 9,47,6,6,5,22,22,16,24,41,13,14,11,23,9,41,5,4,0,0,0,7,7,0,0,3,13,21,16,16,22,32,0,0,0,0,0,0,0,38,33]} 1. Nf3 Nf6 2. c4 b6 3. g3 Bb7 4. Bg2 e6 5. b3 (5. O-O Be7 6. Nc3 O-O 7. Re1 Ne4 8. Nxe4 Bxe4 9. d3 Bb7 10. e4 c5 11. d4 cxd4 12. Nxd4 Nc6 13. Nb5 Ne5 14. b3 f6 15. Bb2 a6 16. Nc3 Qc7 17. Qe2 Bc6 18. a4 Bb4 19. Rac1 Bb7 20. Red1 Rad8 {0-1 (56) Bu,X (2729)-Rapport,R (2736) Hengshui 2019}) 5... d5 6. Bb2 {A15: English Opening: 1...Nf6} Bd6 7. O-O O-O 8. Nc3 {The position is equal.} a6 9. e3 Nbd7 10. d4 Re8 11. Rc1 Ne4 $146 ({Predecessor:} 11... Qe7 12. Qe2 Rad8 13. Rfd1 dxc4 {½-½ (13) Askarov,M (2561)-Azarov,S (2571) Kazan 2007}) 12. Nxe4 dxe4 13. Nd2 f5 14. f3 exf3 15. Bxf3 Bxf3 16. Qxf3 Qg5 17. Bc3 c5 18. Rce1 Rad8 19. Re2 Qg6 20. d5 Be5 21. dxe6 Bxc3 22. exd7 Rxd7 23. Nb1 Bf6 24. Qxf5 {Accuracy: White = 73%, Black = 39%.} 1/2-1/2

[Event "Almaty Open 2019"]
[Site "Almaty"]
[Date "2019.10.08"]
[Round "2.4"]
[White "Kostenko, Petr"]
[Black "Simantsev, Mikhail"]
[Result "1/2-1/2"]
[WhiteElo "2462"]
[BlackElo "2365"]
[Annotator "TA"]
[PlyCount "103"]
[EventDate "2019.10.07"]
[EventType "swiss"]
[EventCountry "KAZ"]
[SourceTitle "playchess.com"]
[Source "ChessBase"]
[SourceQuality "1"]

{[%evp 31,103,17,24,20,32,19,40,39,62,43,49,17,19,10,7,0,0,0,0,-92,0,0,0,0,0,0,0,0,0,0,0,0,0,0,0,0,0,0,0,0,0,0,55,65,58,0,0,0,0,0,70,13,67,0,0,0,9,0,0,0,0,0,0,0,0,0,0,0,0,0,0,0,0,0]} 1. e4 e5 2. Nf3 Nc6 3. Bb5 a6 4. Ba4 Nf6 5. O-O Be7 6. Re1 b5 7. Bb3 d6 8. c3 O-O 9. h3 Bb7 10. d4 Re8 11. Ng5 Rf8 12. Nf3 Re8 13. a3 h6 14. Nbd2 Bf8 15. Bc2 Nb8 16. b3 Nbd7 17. Bb2 {C93: Closed Ruy Lopez: Smyslov Variation} Nb6 (17... c6 18. Bd3 g6 19. Qc2 Nh5 20. Bf1 Nf4 21. b4 Rc8 22. c4 exd4 23. Bxd4 bxc4 24. Nxc4 c5 {1-0 (64) Jakovenko,D (2748)-Oparin,G (2609) Satka 2018}) 18. Bd3 $146 ({Predecessor (3):} 18. a4 bxa4 19. bxa4 a5 20. Bd3 Bc6 21. Bb5 Bd7 22. Qc2 Qc8 23. Bxd7 Nfxd7 24. Ba3 Qa6 {1-0 (67) Mandviwala,P (2280)-Mostowik,D (2165) ICCF email 2014}) 18... Qd7 19. Qc2 {White is slightly better.} c5 20. d5 Qc7 21. Bf1 c4 22. bxc4 bxc4 23. Bc1 a5 24. Nb1 Nfd7 25. Be3 {[#]} (25. Nh4 $11) 25... Nc5 ({Black should play} 25... f5 $1 $17 {[%mdl 512]} 26. exf5 Nxd5) 26. Nbd2 $11 Ba6 27. Reb1 Rab8 28. g3 Rb7 29. h4 Reb8 30. Ne1 Nb3 31. Nxb3 cxb3 32. Rxb3 Bxf1 33. Rxb6 $1 Rxb6 34. Bxb6 Rxb6 35. Kxf1 Qc4+ $1 36. Qd3 Qxd3+ (36... Qc5 $11) 37. Nxd3 {[%mdl 4096] Endgame KRB-KRN} Rb3 38. Rc1 ({White should try} 38. Ke1 $14) 38... Rxa3 39. Ke2 Ra2+ 40. Ke3 a4 (40... h5 $11) 41. c4 ({Better is} 41. Nb4 $14 Ra3 42. Kd3) 41... a3 (41... h5 $11) 42. Rc3 (42. c5 $14 dxc5 43. Nxe5) 42... Ra1 {The position is equal.} 43. Kd2 Be7 44. Ne1 Bd8 45. Nc2 {[%mdl 64] [#] Double Attack} Rf1 {Strongly threatening ...Ba5.} 46. Ke2 Rc1 47. Rxa3 Rxc2+ {[%mdl 64] Double Attack} 48. Kd3 Rxf2 {aiming for ...Rf3+.} 49. Ra8 Kf8 {And now ...Ke7 would win.} 50. Ke3 Rg2 51. Kf3 Rc2 {Hoping for ...Ke8.} 52. Rxd8+ {Accuracy: White = 54%, Black = 70%.} 1/2-1/2

[Event "Almaty Open 2019"]
[Site "Almaty"]
[Date "2019.10.08"]
[Round "2.5"]
[White "Isanzhulov, Arystan"]
[Black "Khusenkhojaev, Muhammad"]
[Result "1-0"]
[WhiteElo "2305"]
[BlackElo "2434"]
[Annotator "TA"]
[PlyCount "55"]
[EventDate "2019.10.07"]
[EventType "swiss"]
[EventCountry "KAZ"]
[SourceTitle "playchess.com"]
[Source "ChessBase"]
[SourceQuality "1"]

{[%evp 22,55,44,27,40,50,36,32,261,235,304,222,225,73,74,96,206,197,206,196,379,380,347,110,468,479,1072,624,686,682,673,667,5250,5223,4902,4882]} 1. e4 e5 2. Nf3 Nc6 3. d4 exd4 4. Bc4 Nf6 5. e5 d5 6. Bb5 Ne4 7. Nxd4 Bd7 8. Bxc6 bxc6 9. O-O Be7 10. f3 Nc5 11. f4 Ne4 12. Nc3 Nxc3 {C56: Two Knights: 4 d4 exd4 5 0-0 Nxe4} (12... c5 13. Nxe4 cxd4 14. Ng3 c5 15. f5 Qb6 16. Qf3 O-O-O 17. Qxd5 Bb5 18. Qxf7 Bxf1 19. Nxf1 Qb7 20. Bf4 {½-½ (32) Suarez Gomez,J (2469)-Cori Quispe,K (2487) Gijon 2018}) 13. bxc3 O-O 14. f5 Re8 $2 {[#]} (14... c5 $14) 15. Qg4 $146 ({Predecessor:} 15. e6 fxe6 16. fxe6 Bc8 17. Qg4 Bf6 18. Bh6 Qe7 19. Rae1 Kh8 20. Nf5 Qc5+ 21. Kh1 Qxc3 22. Re3 gxh6 23. Rxc3 Bxc3 24. Qg3 Bf6 25. Nxh6 Bg7 26. Rf7 Bxh6 27. Qe5+ {1-0 (27) Xia,J (2269)-Picco,R (2024) Mantova 2012}) 15... Bf8 16. e6 c5 17. exd7 $2 (17. exf7+ $18 Kxf7 18. Ne6) 17... Re4 $16 18. Rf4 Rxf4 (18... cxd4 $16 19. Rxe4 dxe4) 19. Bxf4 $18 {Black must now prevent f6.} ({Inferior is} 19. Qxf4 cxd4 20. cxd4 Qxd7 $15) 19... cxd4 20. f6 $1 {[%cal Rf6g7]} d3 $2 (20... Qxf6 21. Bxc7 d3) 21. Re1 Qxf6 {[#]} 22. cxd3 $2 (22. Re8 $1 $18 {[%cal Re8a8] and the rest is easy.} Qb6+ 23. Kf1) 22... h5 $2 {[%mdl 8192]} (22... Qc6 $16 {is more resistant.}) 23. Qg5 {Qxf6 is the strong threat.White is clearly winning.} Qxc3 (23... Rd8 $142 24. Qxf6 gxf6) 24. Bg3 Qc5+ {[#]} 25. d4 $1 {[%mdl 576] Promotion} Qxd4+ 26. Bf2 f6 27. Bxd4 fxg5 {[#]} 28. Re8 $1 {[%mdl 512] Accuracy: White = 50%, Black = 15%.} 1-0

[Event "Almaty Open 2019"]
[Site "Almaty"]
[Date "2019.10.08"]
[Round "2.6"]
[White "Dzhumaev, Marat"]
[Black "Amanov, Zhanibek"]
[Result "0-1"]
[WhiteElo "2428"]
[BlackElo "2339"]
[Annotator "TA"]
[PlyCount "54"]
[EventDate "2019.10.07"]
[EventType "swiss"]
[EventCountry "KAZ"]
[SourceTitle "playchess.com"]
[Source "ChessBase"]
[SourceQuality "1"]

{[%evp 15,54,44,50,24,14,12,2,25,18,-6,-12,-15,-23,-58,-58,-72,-76,-339,-313,-392,-263,-278,-278,-271,-270,-435,-436,-680,-357,-670,-677,-648,-664,-585,-346,-29988,-29989,-29992,-29991,-29991,-29992]} 1. e4 e5 2. Nf3 Nc6 3. Bb5 a6 4. Ba4 d6 5. c3 f5 6. exf5 Bxf5 7. O-O Bd3 8. Re1 Be7 9. Na3 {C74: Ruy Lopez: Deferred Steinitz: 5 c3 f5} (9. Bc2 Bxc2 10. Qxc2 Nf6 11. d4 e4 12. Ng5 d5 13. f3 h6 14. Nh3 O-O 15. Nd2 exf3 16. Nxf3 Rf7 17. Nf2 Bd6 18. Bd2 Qf8 19. Ne5 Bxe5 20. dxe5 Nd7 21. Ng4 {½-½ (52) Fressinet,L (2657)-Stevic,H (2616) Heraklio 2017}) 9... Nf6 10. Re3 $146 ({Predecessor:} 10. Bc2 Bxc2 11. Nxc2 Qd7 12. d4 e4 13. d5 exf3 14. dxc6 bxc6 15. Qxf3 O-O 16. Qd3 d5 {½-½ (60) Ter Sahakyan,S (2480)-Pavlidis,A (2266) Herceg Novi 2008}) 10... Bf5 11. d4 {The position is equal.} O-O 12. Bxc6 bxc6 13. dxe5 Nd5 $36 {[%mdl 2048] Black fights for an advantage.} 14. Qb3 Kh8 15. Re1 {[#]} Bg4 $1 16. Nd4 $2 {[%mdl 8192] [#]} (16. Qc4 $17 Bxf3 17. gxf3) 16... Bh4 $1 $19 {[%cal Rh4f2]} 17. Rf1 dxe5 {aiming for ...Bxf2+!} 18. Nxc6 Qd6 19. Nc4 Qc5 {[%cal Rf8f2]} 20. N4xe5 $2 (20. Be3 {was worth a try.} Nxe3 21. fxe3 Qxc6 22. Nxe5) 20... Rxf2 21. Nd4 (21. Be3 $142 Nxe3 22. Rxf2 Bxf2+ 23. Kh1) 21... Rxf1+ 22. Kxf1 {[#]} Ne3+ $1 {[%mdl 576] Discovered Attack, Decoy} 23. Bxe3 {Threatening mate with Nf7+.} Qxe5 {[%mdl 64] Double Attack} 24. Nc2 Bf5 {And now ...Bxc2 would win.} 25. Bd4 $2 (25. Qf7 $19 Bxc2 26. Bd4 Qf5+ 27. Qxf5 Bxf5 28. g3 Bh3+ 29. Kf2 Rf8+ 30. Ke2) 25... Qxh2 {[%cal Rf5d3] Black mates.} 26. Ne1 Rf8 {[%cal Rf5d3]} 27. Ke2 Re8+ {Accuracy: White = 20%, Black = 96%.} 0-1

[Event "Almaty Open 2019"]
[Site "Almaty"]
[Date "2019.10.08"]
[Round "2.7"]
[White "Igambergenov, Alibek"]
[Black "Serikbay, Chingiz"]
[Result "1-0"]
[WhiteElo "2402"]
[BlackElo "2298"]
[Annotator "TA"]
[PlyCount "63"]
[EventDate "2019.10.07"]
[EventType "swiss"]
[EventCountry "KAZ"]
[SourceTitle "playchess.com"]
[Source "ChessBase"]
[SourceQuality "1"]

{[%evp 30,63,-20,0,16,32,200,200,215,157,309,262,265,270,239,250,254,246,327,310,375,346,366,358,427,388,506,472,585,587,694,661,677,677,663,647]} 1. Nf3 Nf6 2. c4 c6 3. Nc3 d5 4. e3 e6 5. d4 Nbd7 6. Qc2 Bd6 7. b3 O-O 8. Bb2 Qe7 9. Be2 dxc4 10. bxc4 e5 11. O-O Re8 12. Rfe1 e4 13. Nd2 Nf8 14. f3 exf3 15. Bxf3 Ng4 16. Nf1 Ng6 {D45: Semi-Slav: 5 e3} (16... Qg5 17. e4 Ne6 18. Rad1 Nxd4 19. Rxd4 Nxh2 20. Nxh2 Bxh2+ 21. Kf1 Be5 22. Rd3 Be6 23. Ne2 Bxb2 24. Qxb2 Bxc4 {½-½ (37) Gelfand,B (2692)-Anand,V (2769) Monte Carlo 2000}) 17. e4 c5 $146 {[#]} ({Better is} 17... Qg5 $14) ({Predecessor:} 17... Nh4 18. e5 Bb4 19. Be4 g6 20. Ng3 Bd7 21. Rad1 Rad8 22. Bc1 f5 23. exf6 Qxf6 24. Rf1 {1-0 (46) Mithil,A (2216)-Saptarshi,R (2418) Chennai 2017}) 18. e5 $18 Bb8 {White is clearly better.} 19. e6 f5 $2 (19... Bxe6 $16 20. Bxg4 cxd4) 20. Qxf5 Nh6 21. Qxc5 Qxc5 22. dxc5 Be5 23. Na4 {[%cal Bc3a4,Ba4b2,Bb2d3][%mdl 32]} Bxb2 24. Nxb2 Rb8 25. Nd3 Nf5 26. Bd5 Nd4 27. Re4 Nxe6 28. Rae1 {White is clearly winning.} Kf7 29. Ng3 Rd8 30. Ne5+ Nxe5 31. Rxe5 Re8 32. Ne4 {Accuracy: White = 93%, Black = 24%.} 1-0

[Event "Almaty Open 2019"]
[Site "Almaty"]
[Date "2019.10.08"]
[Round "2.8"]
[White "Makhnev, Denis"]
[Black "Moisseyenko, Ilya"]
[Result "1/2-1/2"]
[WhiteElo "2478"]
[BlackElo "2264"]
[Annotator "TA"]
[PlyCount "114"]
[EventDate "2019.10.07"]
[EventType "swiss"]
[EventCountry "KAZ"]
[SourceTitle "playchess.com"]
[Source "ChessBase"]
[SourceQuality "1"]

{[%evp 19,114,0,18,18,0,7,4,-23,-12,-4,-1,-7,-2,-24,-14,-40,0,-13,-8,-65,-20,-24,-32,-43,-28,-44,-25,-22,-19,-26,-27,-27,-28,-30,-9,-14,0,-18,-9,-45,-61,-122,-64,-60,-65,-95,-88,-83,26,-65,-64,-65,-65,-65,-65,-66,-72,-39,0,0,76,87,223,222,212,211,222,194,242,189,220,137,241,114,114,102,66,0,0,0,0,0,0,0,0,0,0,0,0,0,0,0,0,0,0,0,0]} 1. d4 d5 2. Nf3 Nf6 3. c4 c6 4. Qc2 dxc4 5. Qxc4 Bf5 6. g3 e6 7. Bg2 Nbd7 8. O-O Be7 9. Nc3 O-O 10. e3 Ne4 11. Ne1 {D23: Queen's Gambit Accepted: 3 Nf3 Nf6 sidelines} Nxc3 12. bxc3 e5 13. Qe2 {[#]} e4 $146 ({Predecessor:} 13... Qa5 14. Bb2 Nb6 15. Nf3 exd4 16. cxd4 Be4 17. Ne5 Bxg2 18. Kxg2 Bf6 {½-½ (55) Torbin,K (2427)-Najer,E (2606) Togliatti 2003}) 14. a4 Nf6 15. Ba3 Re8 16. Qb2 Qd7 17. Nc2 Bh3 18. Rfb1 Rab8 19. c4 (19. Bxe7 $11 Rxe7 20. Qc1) 19... h5 20. Bxe7 Rxe7 21. Qb4 Rbe8 22. Qa5 Qg4 23. Ne1 b6 24. Qd2 h4 25. a5 hxg3 26. fxg3 Bxg2 27. Nxg2 Nh7 28. axb6 Ng5 {aiming for ...Nf3+.} 29. Ne1 axb6 30. Rxb6 (30. Qd1 $15 Nf3+ 31. Kg2) 30... Re6 (30... Qf3 $1 $17 {[%cal Rg5h3]} 31. Ng2 Re6) 31. Rb2 Rf6 32. Qg2 Rf5 33. Kh1 Re6 (33... Nh3 $1 $17) 34. Rf2 (34. Qe2 $11 Nf3 35. Nxf3 exf3 36. Qd3) 34... Rxf2 $15 35. Qxf2 Rf6 $1 {[%cal Rf6f2]} 36. Qg2 $1 Nh3 {[%mdl 1024] Threatens to win with ...Rf2. Black has compensation.} 37. Ra8+ Kh7 38. Ra2 Kg6 39. Rd2 Rf3 (39... Qf5 $11 {remains equal.}) 40. Qe2 $1 $16 {[%mdl 64] Pin} ({Of course not} 40. Nxf3 exf3 41. Qf1 Qe4 $11) 40... f5 (40... Nf2+ $16 41. Kg2 Qh3+ 42. Kg1 Rf6) 41. Nxf3 $18 exf3 {[%mdl 4096] Endgame KQR-KQN} 42. Qd3 $1 Ng5 43. Rc2 Ne4 44. Qf1 Kf6 45. Kg1 g5 {[#]} (45... Ng5 $16) 46. c5 (46. d5 $1 $18) 46... f4 $16 {[#]} 47. Rf2 $1 Nxf2 48. Qxf2 (48. Kxf2 $14 fxg3+ 49. hxg3) 48... fxg3 $11 {The position is equal.} 49. Qxg3 Qxg3+ 50. hxg3 $16 {Black must now prevent g4. KP-KP} g4 51. e4 Ke6 52. Kf2 Kf6 53. d5 cxd5 54. exd5 Ke5 55. c6 {c7 would kill now.} Kd6 56. Ke3 Kc7 57. Kf2 Kd6 {Accuracy: White = 58%, Black = 52%.} 1/2-1/2

[Event "Almaty Open 2019"]
[Site "Almaty"]
[Date "2019.10.08"]
[Round "2.9"]
[White "Kairbekova, Amina"]
[Black "Smirnov, Pavel"]
[Result "1/2-1/2"]
[WhiteElo "2096"]
[BlackElo "2556"]
[Annotator "TA"]
[PlyCount "159"]
[EventDate "2019.10.07"]
[EventType "swiss"]
[EventCountry "KAZ"]
[SourceTitle "playchess.com"]
[Source "ChessBase"]
[SourceQuality "1"]

{[%evp 16,159,49,38,50,6,24,11,7,-26,-16,-19,36,-5,0,-10,0,0,0,0,4,0,0,0,0,0,0,0,0,0,0,0,0,0,0,0,81,75,269,267,248,120,122,113,317,356,343,349,340,353,349,332,339,342,319,304,307,307,359,333,355,320,366,358,369,368,368,366,366,359,355,341,350,357,355,289,295,0,358,0,289,297,333,294,348,347,335,327,352,341,347,345,337,255,352,334,466,0,294,0,477,470,464,462,460,300,266,260,275,260,260,253,231,177,177,174,177,177,177,177,219,177,220,220,211,177,177,14,14,14,39,39,39,39,39,0,0,0,0,0,0,0,0,0,8,16]} 1. e4 c5 2. Nf3 Nc6 3. d4 cxd4 4. Nxd4 Qb6 5. Nb3 Nf6 6. Nc3 e6 7. Be3 Qc7 8. Bd3 a6 9. O-O Be7 {B33: Sicilian: Pelikan and Sveshnikov Variations} (9... d6 10. f4 b5 11. Qf3 Bb7 12. a4 b4 13. Ne2 Be7 14. g4 h6 15. Ng3 Nd7 16. Qf2 Na5 17. Bd4 {0-1 (24) Janik,I (2422)-Azarov,S (2582) Katowice 2017}) 10. h3 b5 11. a4 $146 ({Predecessor:} 11. f4 d6 12. Qf3 Bb7 13. Rad1 Nb4 14. a3 Nxd3 15. cxd3 Rc8 16. Qg3 Qd7 17. f5 O-O {1-0 (29) Hjornevik,K (2427)-Sterud,E (2288) ICCF email 2005}) 11... b4 12. Nb1 {[%cal Bc3b1,Bb1d2,Bd2e4][%mdl 32]} d5 13. N1d2 e5 (13... Bb7 $11) 14. f4 (14. exd5 {feels hotter.} Nxd5 15. Nc4 Be6 16. Qf3 O-O 17. Nc5) 14... dxe4 15. Bxe4 Nxe4 16. Nxe4 exf4 17. Bxf4 Qb6+ 18. Kh2 O-O 19. Qf3 Be6 20. Be3 Qc7+ 21. Bf4 Qb6 22. Be3 Qb7 23. Nbc5 Qc8 $1 24. Qg3 {Threatens to win with Bh6!} Rd8 25. Bh6 {[%csl Gh6][%cal Rg3g7]} Qb8 (25... Bf8 $11) 26. Rf4 $16 {[%csl Gh6][%cal Rg3g7]} Bf8 $2 (26... g6 $16) 27. Nxe6 $18 fxe6 28. Raf1 (28. Nf6+ $18 {and White stays clearly on top.} Kh8 29. Ne8 $1 {[%mdl 512]} Qxf4 30. Bxf4 Rxe8 31. Re1) 28... Nd4 $16 {...Nf5 is the strong threat.} 29. Bg5 $40 {[%mdl 128] White attacks with force.} Nf5 $2 (29... Ne2 $16 30. Bxd8 Qxf4 31. Qxf4 (31. Rxf4 Nxg3 32. Kxg3 Rxd8 $11) 31... Nxf4) 30. Bxd8 $18 Qxd8 31. Qb3 Qd5 32. Qxd5 exd5 33. Rxf5 dxe4 {[%mdl 4096] Endgame KRR-KRB} 34. Re1 Re8 35. Re3 g6 36. Rd5 Bh6 37. Re2 Bg7 38. b3 Be5+ 39. g3 Re6 40. Kg2 Bc3 41. Rd7 e3 42. Kf3 Bd2 43. Rc7 Rf6+ 44. Ke4 Re6+ 45. Kd3 Rd6+ 46. Ke4 Re6+ $1 47. Kd3 Rd6+ $1 {[#]} 48. Kc4 $1 Rf6 49. Re7 Rc6+ 50. Kd5 Rc8 51. Re6 a5 52. Rc6 Rf8 53. Ke4 Kg7 54. Ra6 Rf5 55. Ra7+ Kf6 56. Ra6+ Kg7 $1 57. Ra7+ $2 (57. Kd4) 57... Kf6 58. Rxh7 Rc5 59. Ra7 Rxc2 60. Ra6+ Kf7 61. Rxa5 Rc3 62. Rb5 Rxb3 63. a5 Ra3 64. Kd4 b3 65. Kc4 b2 66. Rxb2 {Black must now prevent Rb7+.} Rxa5 67. Kd3 Ra1 68. Ke4 Rf1 69. Rb7+ Kf6 70. Rb6+ Kf7 71. Rxe3 $2 (71. h4 $18) 71... Bxe3 $11 72. Kxe3 $18 {KR-KR} Rh1 73. h4 Rf1 74. Rb2 {Hoping for Rf2+.} Kg7 75. Rf2 Rxf2 {The position is equal.} 76. Kxf2 g5 $1 77. h5 g4 $1 78. Ke3 {White wants to mate with Kf4.} Kh6 79. Kf4 Kxh5 80. Kf5 {Accuracy: White = 61%, Black = 51%.} 1/2-1/2

[Event "Almaty Open 2019"]
[Site "Almaty"]
[Date "2019.10.08"]
[Round "2.10"]
[White "Rakhimzhan, Alen"]
[Black "Urazayev, Arystanbek"]
[Result "1/2-1/2"]
[WhiteElo "2303"]
[BlackElo "2420"]
[Annotator "TA"]
[PlyCount "143"]
[EventDate "2019.10.07"]
[EventType "swiss"]
[EventCountry "KAZ"]
[SourceTitle "playchess.com"]
[Source "ChessBase"]
[SourceQuality "1"]

{[%evp 17,142,17,29,-45,-49,-76,-70,-231,-235,-220,-221,-271,-261,-347,-307,-315,-272,-285,-281,-295,-311,-293,-255,-236,-145,-144,-29,-41,-7,-112,-93,-100,-100,-124,-125,-139,-120,-152,-160,-171,-177,-160,-57,-85,-36,-70,-58,-55,-65,-75,-40,-35,-43,-55,0,0,0,0,0,0,0,0,0,0,0,0,0,0,0,0,0,0,0,0,0,0,0,0,0,0,0,0,0,0,0,0,0,0,0,0,0,0,0,0,0,0,0,0,0,0,0,0,0,0,0,0,0,0,0,0,0,0,0,0,0,0,0,0,0,0,0,0,0,0,0,0,0]} 1. d4 Nf6 2. c4 e6 3. Nc3 Bb4 4. Qc2 d5 5. cxd5 exd5 6. Bg5 c5 7. dxc5 h6 8. Bh4 g5 9. Bg3 Ne4 {And now ...Qa5 would win.} 10. Be5 {E35: Nimzo-Indian: Classical: 4...d5 5 cxd5 exd5} ({White should play} 10. e3 $11) (10. e3 Qa5 11. Nge2 Bf5 12. Bxb8 Rxb8 13. Nd4 Bd7 14. Nb3 Bxc3+ 15. bxc3 Qxc3+ 16. Qxc3 Nxc3 17. Bd3 Ke7 {½-½ (37) Duda,J (2739)-Karjakin,S (2760) Batumi 2018}) 10... O-O $1 $15 {aiming for ...Nc6.} 11. f3 $146 ({Predecessor:} 11. e3 Nc6 12. O-O-O Nxe5 13. Nxe4 Bf5 14. Qa4 Bxc5 15. Nc3 Rc8 16. Nf3 Nxf3 17. gxf3 Qf6 18. Rxd5 {½-½ (40) Michenka,J (2353)-Pacher,M (2402) Ostrava 2012}) 11... Nc6 12. Bg3 $2 (12. a3 $15 Bxc3+ 13. Bxc3 Nxc3 14. Qxc3) 12... Nxc3 $19 ({Much less strong is} 12... Nxc5 13. O-O-O $17) 13. bxc3 Qf6 14. Rc1 Bxc5 15. Bf2 Bf5 16. Qa4 Bxf2+ 17. Kxf2 Rfe8 18. g4 Bd7 19. Kg2 {[#]} b5 $1 {[%mdl 512]} 20. Qd1 (20. Qxb5 Ne5) 20... Rad8 21. h4 Ne7 (21... d4 $17 22. cxd4 Nxd4 23. hxg5 Qxg5) 22. hxg5 $11 hxg5 23. Qd4 (23. Rh5 $11) 23... Qxd4 $17 24. cxd4 Rc8 25. Re1 Rc2 26. Kg3 Rxa2 27. Nh3 f6 28. f4 Ra3+ 29. e3 {[#]} Ng6 ({Better is} 29... f5 $1 $17 {[%cal Rf5g4]} 30. Nxg5 fxg4) 30. fxg5 $15 fxg5 31. Nxg5 Raxe3+ 32. Rxe3 Rxe3+ 33. Kf2 Re7 34. Bg2 Nf4 35. Bf3 Rg7 (35... Kg7 $15) 36. Ke3 $11 {The position is equal.} Ne6 37. Nxe6 Bxe6 {[%mdl 4096] Endgame KRB-KRB} 38. Kf4 Rf7+ 39. Ke5 Rxf3 40. Kxe6 {KR-KR} b4 41. Kxd5 a5 42. Kc4 Rc3+ 43. Kb5 Ra3 44. d5 Kf7 45. g5 b3 46. Rf1+ Ke8 47. g6 (47. Rb1 {is more complex.} a4 48. Kb4 Ra2 49. g6 Rg2 50. Kxa4 Rxg6 51. Ka5) 47... b2 48. Rb1 Rg3 49. Rxb2 {Kc6 is the strong threat.} Rxg6 50. Kc5 Kd7 51. Rb7+ Kd8 52. Ra7 Rh6 53. Rxa5 Rg6 54. Ra8+ Kd7 55. Ra7+ Kd8 56. Rh7 Rf6 57. Rh5 Kd7 58. Rh1 Rg6 59. Ra1 Rh6 60. Ra7+ Kd8 61. Rb7 Rg6 (61... Rf6 {seems wilder.} 62. d6 Rf1 63. Rb8+ Kd7 64. Rb7+ Kd8) 62. Rb6 (62. Rb1 {with more complications.} Kd7 63. Rb7+ Kc8 64. Re7 Kd8 65. Rh7) 62... Rxb6 63. Kxb6 {KP-K} Kd7 64. Kc5 Kc7 65. d6+ Kd7 66. Kd5 Kd8 67. Ke6 Ke8 68. Ke5 {Threatening mate with Ke6.} Kd7 69. Kd5 $1 Kd8 70. Kc6 {White wants to mate with d7.} Kc8 71. d7+ Kd8 72. Kd6 {Accuracy: White = 63%, Black = 73%.} 1/2-1/2